00427nam a2200157Ia 4500001000500000005001700005008004100022041000800063082001500071100003000086245010000116260000900216300002800225650000800253654000800261869220260306160628.0260306t2004||||xx |||||||||||||| ||spa|| aESP a371.3bC33 aCastañeda, AdelinaeAUT 0aFormación, distancias y subjetividades:bnuevos retos de la formación en la globalización c2004 a374 páginas :c17 cm. aGEN aCED